Statistical methods in research and production : with special reference to the chemical industry /
Guardado en:
| Otros Autores: | , |
|---|---|
| Formato: | Libro |
| Idioma: | English |
| Publicado: |
New York :
Published for Imperial Chemical Industries by Hafner Pub. Co.,
1972.
|
| Edición: | 4th rev. ed. |
| Materias: | |
| Etiquetas: |
Agregar Etiqueta
Sin Etiquetas, Sea el primero en etiquetar este registro!
|
| LEADER | 01085cam a22002655a 4500 | ||
|---|---|---|---|
| 001 | EIQ.libpla001570 | ||
| 008 | 730205s1972####nyua#####b####001#0#eng#d | ||
| 005 | 20061108171334.0 | ||
| 245 | 0 | 0 | |a Statistical methods in research and production : |b with special reference to the chemical industry / |c edited by Owen L. Davies and Peter L. Goldsmith. |
| 250 | |a 4th rev. ed. | ||
| 260 | |a New York : |b Published for Imperial Chemical Industries by Hafner Pub. Co., |c 1972. | ||
| 300 | |a xiii, 478 p. : |b il. ; |c 25 cm. | ||
| 504 | |a Incluye referencias bibliográficas e índice. | ||
| 020 | |a 005002437X | ||
| 700 | 1 | |a Davies, Owen L., |e ed. |4 edt | |
| 700 | 1 | |a Goldsmith, Peter Lewis, |e ed. |4 edt | |
| 082 | 0 | 0 | |a 519.5 |
| 650 | 4 | |a Industria química |x Estadísticas. | |
| 650 | 4 | |a Matemática |x Estadísticas. | |
| 650 | 4 | |a Mathematical |x Statistics. | |
| 650 | 4 | |a Chemical industry |x Statistics. | |
| 010 | |a 73152574 | ||
| 040 | |a DLC |c DLC |d AR-BbSID | ||
| 859 | |a AR-BbSID |b BIB. PLAPIQUI |h 658.568 |i St 11 |p 3650 |v Vol. 1 |3 Vol. 1 | ||
| 859 | |a AR-BbSID |b BIB. PLAPIQUI |h 658.568 |i St 11 |p 3651 |v Vol. 2 |3 Vol. 2 | ||
